000 00987nam a22002897a 4500
003 CHAP
005 20220329140941.0
008 971013s r 00010 d
010 _a60309
011 _a61281
035 _a65445
040 _cCHAP
090 _aR-3723
100 0 0 _aRzedowski Rotter, Jerzy.
_9101052
245 1 _aNota sobre la flora y la vegetación de San Luis Potosí. I. Algunas novedades florísticas de la parte sur del estado
500 _aSobretiro de : Ciencia (Méx.) 15(4-5) : 89-96, 1955
505 0 _gLa biblioteca tiene:
590 _aBATCH-UPD
_b10
_c20130110
_lUCH01
_h2020
590 _aBATCH-UPD
_b10
_c20130410
_lUCH01
_h1338
590 _aBATCH-UPD
_b10
_c20130914
_lUCH01
_h0734
590 _aCONVERSION
_b10
_c20130109
_lUCH01
_h1332
650 1 4 _aBotánica
_xSan Luis Potosí.
_914615
901 _aBK
942 _cREIMP
949 _aR-3723
_bBC
_cR
_d33724000639993
_eTS1
_i65445
_si
949 _aR-3723
_bBC
_cR
_d33724002258850
_eTS1
_fc.2
_i65445
_si
999 _c60309
_d60309